| 000 | 00819nam a22002657a 4500 | ||
|---|---|---|---|
| 005 | 20201128021226.0 | ||
| 008 | 150404t2003 njua frb 001 0 eng d | ||
| 020 | _a9780471378518 | ||
| 040 | _aEG-ScBUE | ||
| 082 | 0 | 0 |
_222 _a621.3822 _bHAY |
| 100 | 1 |
_aHaykin, Simon S., _d1931- _912279 |
|
| 245 | 1 | 0 |
_aSignals and systems / _cSimon Haykin, Barry Van Veen. |
| 250 | _a2nd ed. | ||
| 260 |
_aHoboken : _bJohn Wiley & Sons, _cc.2003. |
||
| 300 |
_axvii, 802 p. : _bill. ; _c27 cm. |
||
| 500 | _aIncludes appendixes. | ||
| 500 | _aIndex : p. 793-802. | ||
| 504 | _aIncludes bibliographical references. | ||
| 650 | 0 |
_936943 _aSignal processing. |
|
| 650 | 0 |
_9734 _aSystem analysis. |
|
| 653 |
_bENGELC _cApril2015 |
||
| 655 |
_vreading book _934232 |
||
| 700 | 1 |
_aVan Veen, Barry. _937583 |
|
| 942 |
_2ddc _k621.3822 HAY |
||
| 999 |
_c19157 _d19129 |
||